000 00385nam a22001457a 4500
999 _c2441
_d2441
008 200303b ||||| |||| 00| 0 eng d
082 0 0 _a623.82
_bR1167
100 _92030
_aRabl, S. S.
245 1 0 _aBoat building in your own backyard
_cby S. S. Rabl
260 _aNew York
_bCornell maritime press
_c1947
300 _a192 p.
365 _d27.08
650 0 _aBoat Building
942 _cBK